000 00641nam a22001457a 4500
999 _c80202
_d80202
008 201130b ||||| |||| 00| 0 eng d
040 _bger
_cSTAFF
_erda
_aSTAFF
100 _aKelm, Hartmut
245 _aEinst Vergnügungstempel, heute zerfallene Ruine
_bImmobilien: Frankfurt ist reich an einst bedeutenden und heute leerstehenden Bauten. Ein verlassener Ort ist die Stadthalle im Buschmühlenweg.
773 _dFrankfurt (Oder): Märkisches Verlags- und Druckhaus GmbH & Co KG
_g31. Jahrgang (2020) Nr. 275 vom 25.11.2020, S. 16
_tMärkische Oderzeitung
942 _cA